000 004510000a22001690004500
003 MACL
005 20160113153454.0
008 160113b xxu||||| |||| 00| 0 eng d
040 _aMACL
_cMACL
041 _aEnglish
082 _a968/FYE
100 _aFyfe, H. Hamolton
_931869
245 _aSouth Africa To-Day
_bWith an Account of Modern Rhodesia
260 _bEveleigh Nash
_c1911
_aLondon
650 _aPoetries
_931870
942 _cBK
_k968/FYF
_2ddc
999 _c37662
_d37662